| 000 | 00893nam a2200253 u 4500 | ||
|---|---|---|---|
| 005 | 20230511063605.0 | ||
| 008 | 170503s2015 r 000 0 eng d | ||
| 020 | _a9786078348954 (Artigas) | ||
| 020 | _a9786077451952 (Conaculta) | ||
| 035 | _aUPN01000217484 | ||
| 049 | _aCG | ||
| 050 | 4 |
_aB1019 G2.8 _bG3.5 |
|
| 100 | 1 |
_aGaos, José, _d1900-1969 |
|
| 245 | 1 | 0 |
_aMateriales para una autobiografía filosófica : _bconfesiones profesionales, otros ensayos y papeles seguido de una tarde con mi padre por Ángeles Gaos de Camacho / _cJosé Gaos. |
| 260 |
_aMéxico : _bBonilla Artigas : _bCONACULTA, _c2015. |
||
| 300 | _a430 p. | ||
| 440 | 4 |
_aLas semanas del jardín ; _v11 |
|
| 600 | 1 | 4 |
_aGAOS, JOSE, _d1900-1969 |
| 650 | 4 |
_aFILOSOFOS MEXICANOS _914103 |
|
| 650 | 4 |
_aFilósofos españoles _918333 |
|
| 650 | 4 |
_aFILOSOFOS - _vBIOGRAFIA _915634 |
|
| 905 | _aLibro | ||
| 999 |
_c189584 _d189584 |
||